| 000 | 00382nam a2200145Ia 4500 | ||
|---|---|---|---|
| 008 | 241206s9999||||xx |||||||||||||| ||und|| | ||
| 020 | _a9788120352698 | ||
| 082 |
_a512 _bAHS/D |
||
| 100 | _aAhsan,Zafar | ||
| 245 | 0 | _aDifferential Equations and Their Applications | |
| 250 | _a3rd Edition | ||
| 260 |
_aDelhi _bPHI Learning Private Limited _c2024 |
||
| 300 | _a634p. | ||
| 942 | _cBK | ||
| 999 |
_c47607 _d47607 |
||